[Event "FICGS rapid silver 000066 email"]
[Site "FICGS email"]
[Date "2011.07.28"]
[Round "1"]
[White "Comes Dumoulin, Ruben Marcelo"]
[Black "Groves, Donald"]
[Result "1-0"]
[WhiteElo "2241"]
[BlackElo "2058"]
[PlyCount "57"]
[EventDate "2011.??.??"]
[EventType "match (rapid)"]
[EventRounds "2"]
[SourceTitle "Corr 2013"]
[Source "ChessBase"]
[SourceDate "2012.11.12"]
[SourceVersion "1"]
[SourceVersionDate "2012.11.12"]
[SourceQuality "1"]

1. e4 e6 2. c3 d5 3. e5 c5 4. d4 Nc6 5. Nf3 Qb6 6. a3 c4 7. Nbd2 Na5 8. Be2 Bd7 9. Rb1 Ne7 10. b3 cxb3 11. Nxb3 Rc8 12. Bd3 Ba4 13. Nxa5 Qxa5 14. Qe2 Qxc3+ 15. Bd2 Qc7 16. Rb4 Bc6 17. 0-0 Qd7 18. h4 Nf5 19. Rbb1 h6 20. Bxf5 exf5 21. e6 Qxe6 22. Rfe1 Be7 23. Qd3 Qf6 24. Qe3 f4 25. Qe2 Kf8 26. Ne5 Kg8 27. Nxc6 Qxc6 28. Rbc1 Qd7 29. Qxe7 1-0

[Event "FICGS rapid silver 000065 email"]
[Site "FICGS email"]
[Date "2011.07.16"]
[Round "2"]
[White "Comes Dumoulin, Ruben Marcelo"]
[Black "Bernal Varela, Nelson"]
[Result "1/2-1/2"]
[WhiteElo "2241"]
[BlackElo "2206"]
[PlyCount "71"]
[EventDate "2011.??.??"]
[EventType "match (rapid)"]
[EventRounds "2"]
[SourceTitle "Corr 2013"]
[Source "ChessBase"]
[SourceDate "2012.11.12"]
[SourceVersion "1"]
[SourceVersionDate "2012.11.12"]
[SourceQuality "1"]

1. e4 c5 2. Nf3 d6 3. d4 cxd4 4. Nxd4 Nf6 5. Nc3 a6 6. Bg5 e6 7. Qf3 Nbd7 8. Be2 Qc7 9. 0-0 h6 10. Bd2 Ne5 11. Qg3 g5 12. Rfd1 Bd7 13. f3 b5 14. Kh1 b4 15. Nb1 g4 16. Bxb4 gxf3 17. gxf3 Rg8 18. Qf2 Rb8 19. Bc3 d5 20. Nd2 dxe4 21. Rg1 Rxg1+ 22. Rxg1 exf3 23. Bxf3 Nxf3 24. N4xf3 Nh7 25. Rg8 Bc6 26. Rh8 Ng5 27. Bg7 Kd7 28. Rxf8 Rxf8 29. Bxf8 Nxf3 30. Nxf3 Qf4 31. Kg2 Qg4+ 32. Qg3 Bxf3+ 33. Kf2 Qxg3+ 34. Kxg3 Bd1 35. c4 h5 36. Bg7 1/2-1/2

[Event "FICGS W-ch st2 g02 email"]
[Site "FICGS email"]
[Date "2011.04.03"]
[Round "1"]
[White "Bakhmatov, Andrey Sergeevich"]
[Black "Comes Dumoulin, Ruben Marcelo"]
[Result "1/2-1/2"]
[WhiteElo "2055"]
[BlackElo "2247"]
[PlyCount "77"]
[EventDate "2011.??.??"]
[EventType "tourn (corr)"]
[EventRounds "6"]
[SourceTitle "Corr 2013"]
[Source "ChessBase"]
[SourceDate "2012.11.12"]
[SourceVersion "1"]
[SourceVersionDate "2012.11.12"]
[SourceQuality "1"]

1. e4 c5 2. Nf3 d6 3. d4 cxd4 4. Nxd4 Nf6 5. Nc3 a6 6. Bg5 e6 7. f4 Qb6 8. Qd2 Qxb2 9. Rb1 Qa3 10. e5 h6 11. Bh4 dxe5 12. fxe5 g5 13. exf6 gxh4 14. Be2 Qa5 15. 0-0 Nd7 16. Rf4 h3 17. Qe3 Qg5 18. g3 Bc5 19. Ne4 Qd5 20. c3 e5 21. Rf5 Kf8 22. Rd1 Bb6 23. Rh5 exd4 24. cxd4 Qxa2 25. Bf3 Nxf6 26. Nxf6 Qe6 27. Ne4 Kg7 28. Kh1 Re8 29. Qc3 Qc6 30. Rc5 Qg6 31. d5+ f6 32. Rc4 a5 33. Rb1 Bf5 34. Rxb6 Bxe4 35. Rxb7+ Kg8 36. Kg1 Bxf3 37. Qxf3 Re1+ 38. Kf2 Rae8 39. Rcc7 1/2-1/2